000 00530nam a22002177a 4500
003 UA-OsUOA
001 75736
007 ta
008 20110530b un ||||| |||| 00| 0 ukr d
100 _aШишкова Г.
090 _a908
_bШ65
942 _cSA
040 _aUA-OsUOA
_bukr
_cUA-OsUOA
_dUA-OsUOA
245 _aВ Острозі настає рік української пісні
300 _aС.9
955 _a0
041 _aukr
080 _a908
773 0 _w75735
650 7 _a908 Краєзнавство
_2UDC
999 _c362036
_d362036